000 01157nam a2200229Ii 4500
003 JO-AjNU
008 230605s9999||||xx |||||||||||||| ||und||
017 _a2021/9/5170
020 _a978-9957-92-260-3
040 _aJO-AjNU
_bara
_erda
_cJO-AjNU
041 _aara
050 1 4 _aBF204.6.2022
100 3 _a ترجمة سامي بن صالح العرجان، ترجمة ريم بنت جميل عبد الرزاقBannink, Fredrike, م.مشارك Nicole Geschwind,
_eauthor
_962771
245 0 0 _aالعلاج المعرفي السلوكي الايجابي: بروتوكولات العلاج الفردي والجماعي في العلاج المعرفي السلوكي الايجابي
250 _aط1
264 3 1 _aعمان: دار الفكر ناشرون وموزعون، 2022
300 _a202ص
336 _atext
_btxt
_2rdacontent
337 _aunmediated
_bn
_2rdamedia
338 _avolume
_bnc
_2rdacarrier
650 4 _aالسلوك الايجابي-العلاج-علم النفس الايجابي
_962772
999 _aA28440
_c32008
_d32008